[Event "Dieren op"]
[Site "Dieren"]
[Date "2023.08.01"]
[Round "7"]
[White "Van Kuijk, Vadim"]
[Black "De Jong, Tom"]
[Result "1/2-1/2"]
[WhiteElo "1997"]
[BlackElo "2176"]
[PlyCount "121"]
[EventDate "2023.07.25"]
[EventType "swiss"]
[EventRounds "9"]
[EventCountry "NED"]
[SourceTitle "CBM 215 Extra"]
[Source "ChessBase"]
[SourceDate "2023.09.30"]
[SourceVersion "1"]
[SourceVersionDate "2023.09.30"]
[SourceQuality "1"]

1. e4 c6 2. d4 d5 3. e5 c5 4. Nf3 Nc6 5. dxc5 e6 6. Be3 Nh6 7. Bxh6 gxh6 8. Bb5 Bxc5 9. 0-0 0-0 10. c4 f6 11. exf6 Kh8 12. Nc3 Qxf6 13. cxd5 exd5 14. Qxd5 Bb6 15. Ne4 Qxb2 16. Nd6 Qg7 17. Bc4 Nd8 18. Rae1 Be6 19. Rxe6 Nxe6 20. Ne5 Rf6 21. Nef7+ Kg8 22. Qxb7 Rf8 23. Qe7 R8xf7 24. Bxe6 Rxf2 25. Qe8+ Qf8 26. Rxf2 Bxf2+ 27. Kf1 Qxe8 28. Nxe8 Bc5+ 29. Ke2 Kf8 30. Bxf7 Kxf7 31. Nc7 Kf6 32. Kd3 Ke5 33. Ne8 h5 34. g3 Bg1 35. h3 Bh2 36. g4 hxg4 37. hxg4 Kf4 38. a4 Kxg4 39. Nf6+ Kf5 40. Nd7 h5 41. Ke2 Bd6 42. a5 h4 43. Kf3 Bc7 44. a6 Ke6 45. Nf8+ Kd5 46. Ng6 Bd8 47. Kg4 Kc5 48. Nxh4 Kb5 49. Nf5 Kxa6 50. Nd6 Ka5 51. Nb7+ Kb5 52. Nxd8 a5 53. Ne6 a4 54. Nd4+ Kc4 55. Nc2 Kb3 56. Nd4+ Kc3 57. Nb5+ Kb4 58. Nd4 Kc4 59. Nc2 Kb3 60. Nd4+ Kc3 61. Nb5+ 1/2-1/2

[Event "Wch Seniors 65 30th"]
[Site "Assisi"]
[Date "2022.11.19"]
[Round "5"]
[White "De Jong, Tom"]
[Black "Higatsberger, Michael"]
[Result "1-0"]
[WhiteElo "2216"]
[BlackElo "1995"]
[PlyCount "61"]
[EventDate "2022.11.15"]
[EventType "swiss"]
[EventRounds "11"]
[EventCountry "ITA"]
[SourceTitle "CBM 211 Extra"]
[Source "ChessBase"]
[SourceDate "2023.01.31"]
[SourceVersion "1"]
[SourceVersionDate "2023.01.31"]
[SourceQuality "1"]

1. e4 c5 2. c3 Nf6 3. e5 Nd5 4. Nf3 Nc6 5. Bc4 Nb6 6. Bb3 c4 7. Bc2 d6 8. exd6 e6 9. b3 Bxd6 10. Na3 cxb3 11. axb3 Nd5 12. 0-0 0-0 13. d4 Be7 14. Nc4 b5 15. Nce5 Nxe5 16. Nxe5 Bb7 17. Qd3 f5 18. Qxb5 Qc7 19. Bd2 Bd6 20. c4 Nf6 21. Rfe1 Be4 22. Bxe4 Nxe4 23. Ba5 Qe7 24. f3 Nf6 25. c5 Bxe5 26. Rxe5 Nd5 27. Bd2 Qh4 28. Qd3 Rf6 29. Rae1 Nc7 30. d5 exd5 31. Re7 1-0

[Event "Vlissingen HZ op 24th"]
[Site "Vlissingen"]
[Date "2022.08.11"]
[Round "7"]
[White "Dhulipalla, Bala Chandra Prasad"]
[Black "De Jong, Tom"]
[Result "1-0"]
[WhiteElo "2431"]
[BlackElo "2191"]
[PlyCount "77"]
[EventDate "2022.08.06"]
[EventType "swiss"]
[EventRounds "9"]
[EventCountry "NED"]
[SourceTitle "CBM 209 Extra"]
[Source "ChessBase"]
[SourceDate "2022.09.30"]
[SourceVersion "1"]
[SourceVersionDate "2022.09.30"]
[SourceQuality "1"]

1. d4 d5 2. Nf3 c5 3. c4 e6 4. cxd5 exd5 5. g3 Nc6 6. Bg2 cxd4 7. Nxd4 Bc5 8. Nb3 Bb6 9. Nc3 Nf6 10. 0-0 d4 11. Na4 0-0 12. Bg5 h6 13. Bxf6 Qxf6 14. Nxb6 axb6 15. Bxc6 bxc6 16. Qxd4 Rd8 17. Qxb6 Bg4 18. f3 Bh3 19. Rfb1 Bf5 20. Rd1 Rxd1+ 21. Rxd1 Rxa2 22. Qd8+ Qxd8 23. Rxd8+ Kh7 24. Rd2 Kg6 25. Kf2 Kf6 26. Ke3 Ra4 27. Nd4 Bd7 28. Nxc6 Bxc6 29. Rd6+ Ke5 30. Rxc6 Rb4 31. Rc5+ Kd6 32. Rc2 g5 33. Kd3 f5 34. Kc3 Ra4 35. Rd2+ Ke5 36. b4 g4 37. fxg4 fxg4 38. b5 Ke4 39. b6 1-0

[Event "Vlissingen HZ op 24th"]
[Site "Vlissingen"]
[Date "2022.08.10"]
[Round "6"]
[White "De Jong, Tom"]
[Black "Pham, Khoi"]
[Result "1/2-1/2"]
[WhiteElo "2191"]
[BlackElo "2376"]
[PlyCount "73"]
[EventDate "2022.08.06"]
[EventType "swiss"]
[EventRounds "9"]
[EventCountry "NED"]
[SourceTitle "CBM 209 Extra"]
[Source "ChessBase"]
[SourceDate "2022.09.30"]
[SourceVersion "1"]
[SourceVersionDate "2022.09.30"]
[SourceQuality "1"]

1. e4 c5 2. Nf3 d6 3. Bb5+ Nd7 4. Ba4 Ngf6 5. 0-0 e6 6. Re1 a6 7. c3 b5 8. Bc2 c4 9. a4 Bb7 10. d4 cxd3 11. Qxd3 Nc5 12. Qe2 bxa4 13. e5 dxe5 14. Nxe5 Qd5 15. Nf3 Be7 16. Be3 0-0 17. Nbd2 a5 18. Bd4 Rfe8 19. Qd1 Nfd7 20. Nf1 f6 21. Rxa4 e5 22. Ne3 Qc6 23. Bxc5 Nxc5 24. Rg4 Rad8 25. Qb1 e4 26. Nd4 Qc8 27. Qa2+ Kh8 28. Qf7 Bf8 29. Nef5 Rd7 30. Qh5 Re5 31. Re3 Rxf5 32. Nxf5 Rd5 33. Qxh7+ Kxh7 34. Rh3+ Kg8 35. Nh6+ Kh7 36. Nf5+ Kg8 37. Nh6+ 1/2-1/2

[Event "Maastricht Limburg op 14th"]
[Site "Maastricht"]
[Date "2022.06.06"]
[Round "7"]
[White "De Jong, Tom"]
[Black "Roebers, Eline"]
[Result "1/2-1/2"]
[WhiteElo "2163"]
[BlackElo "2378"]
[PlyCount "51"]
[EventDate "2022.06.03"]
[EventType "swiss"]
[EventRounds "7"]
[EventCountry "NED"]
[SourceTitle "CBM 208 Extra"]
[Source "ChessBase"]
[SourceDate "2022.07.31"]
[SourceVersion "1"]
[SourceVersionDate "2022.07.31"]
[SourceQuality "1"]

1. e4 c5 2. c3 Nf6 3. e5 Nd5 4. Nf3 e6 5. d4 cxd4 6. cxd4 d6 7. Bc4 Be7 8. 0-0 0-0 9. Qe2 b6 10. Rd1 Bb7 11. Bxd5 exd5 12. Nc3 Na6 13. Bf4 dxe5 14. Bxe5 Nc7 15. Rac1 Ne6 16. h3 Re8 17. Qd3 a6 18. Na4 f6 19. Bg3 Bd6 20. Bxd6 Qxd6 21. Qa3 Rad8 22. Qxd6 Rxd6 23. Rc3 Rc8 24. Rdc1 Rc4 25. b3 Rxc3 26. Rxc3 1/2-1/2

[Event "Amsterdam Science Park op-A"]
[Site "Amsterdam"]
[Date "2019.07.14"]
[Round "9"]
[White "Van der Poel, Henk"]
[Black "De Jong, Tom"]
[Result "1-0"]
[WhiteElo "2233"]
[BlackElo "2176"]
[PlyCount "69"]
[EventDate "2019.07.06"]
[EventType "swiss"]
[EventRounds "9"]
[EventCountry "NED"]
[SourceTitle "CBM 191 Extra"]
[Source "ChessBase"]
[SourceDate "2019.09.30"]
[SourceVersion "1"]
[SourceVersionDate "2019.09.30"]
[SourceQuality "1"]

1. e4 c6 2. d4 d5 3. e5 c5 4. dxc5 e6 5. a3 Nc6 6. Nf3 Bxc5 7. Bd3 Nge7 8. b4 Bb6 9. 0-0 Ng6 10. Bb2 Nf4 11. c4 0-0 12. c5 Bc7 13. Re1 f6 14. exf6 e5 15. b5 e4 16. Bf1 Bg4 17. Nbd2 Rxf6 18. Nxe4 dxe4 19. Qxd8+ Nxd8 20. Bxf6 exf3 21. Bc4+ Nde6 22. gxf3 Bf5 23. Be5 Kf8 24. Rad1 Ba5 25. Bd6+ Kf7 26. Bxf4 Bxe1 27. Rxe1 Rc8 28. Bd6 Kf6 29. Bxe6 Bxe6 30. f4 g6 31. f3 a6 32. c6 b6 33. bxa6 Bd5 34. a7 Bxc6 35. Rc1 1-0

[Event "Amsterdam Science Park op-A"]
[Site "Amsterdam"]
[Date "2019.07.12"]
[Round "7"]
[White "De Jong, Tom"]
[Black "Honkoop, Gilian"]
[Result "1-0"]
[WhiteElo "2176"]
[BlackElo "2003"]
[PlyCount "57"]
[EventDate "2019.07.06"]
[EventType "swiss"]
[EventRounds "9"]
[EventCountry "NED"]
[SourceTitle "CBM 191 Extra"]
[Source "ChessBase"]
[SourceDate "2019.09.30"]
[SourceVersion "1"]
[SourceVersionDate "2019.09.30"]
[SourceQuality "1"]

1. e4 e5 2. Nf3 Nc6 3. Bb5 a6 4. Ba4 Nf6 5. 0-0 Be7 6. d3 b5 7. Bb3 d6 8. a3 0-0 9. Nc3 Nb8 10. h3 Nbd7 11. Be3 c5 12. Nh4 Nb6 13. f4 Ng4 14. hxg4 exf4 15. Bxf4 Bxh4 16. Qe2 Bf6 17. Be3 c4 18. Ba2 d5 19. exd5 Nxd5 20. Nxd5 Qxd5 21. dxc4 Qe5 22. Qf3 Bb7 23. Qf4 Qxb2 24. cxb5 axb5 25. g5 Ra4 26. Qf2 Be5 27. g6 Rg4 28. Qxf7+ Rxf7 29. gxf7+ 1-0

[Event "Dieren op"]
[Site "Dieren"]
[Date "2018.07.31"]
[Round "7"]
[White "Geurink, Jasper"]
[Black "De Jong, Tom"]
[Result "1-0"]
[WhiteElo "2348"]
[BlackElo "2201"]
[PlyCount "71"]
[EventDate "2018.07.24"]
[EventType "tourn"]
[EventRounds "9"]
[EventCountry "NED"]
[SourceTitle "CBM 185 Extra"]
[Source "ChessBase"]
[SourceDate "2018.07.29"]
[SourceVersion "1"]
[SourceVersionDate "2018.07.29"]
[SourceQuality "1"]

1. e4 c5 2. Nf3 Nc6 3. Bb5 g6 4. Bxc6 dxc6 5. d3 Bg7 6. Nc3 Bg4 7. h3 Bxf3 8. Qxf3 e6 9. Bd2 Ne7 10. g4 Qd7 11. Qe2 0-0-0 12. h4 f5 13. 0-0-0 h6 14. Kb1 Rhf8 15. f3 b6 16. Bc1 Rf7 17. gxf5 gxf5 18. Rhg1 Rdf8 19. Rxg7 Rxg7 20. Bxh6 Rfg8 21. Bxg7 Rxg7 22. h5 Qd6 23. Rh1 b5 24. a3 b4 25. Na4 c4 26. dxc4 bxa3 27. Qd3 Qb4 28. Qb3 Qxb3 29. cxb3 axb2 30. Nc5 e5 31. Ne6 Rg3 32. exf5 Nxf5 33. h6 Rg8 34. h7 Rh8 35. Ng5 Nd6 36. c5 1-0

[Event "Dieren op"]
[Site "Dieren"]
[Date "2018.07.27"]
[Round "4"]
[White "De Jong, Tom"]
[Black "Maris, Ivo"]
[Result "1-0"]
[WhiteElo "2201"]
[BlackElo "2342"]
[PlyCount "67"]
[EventDate "2018.07.24"]
[EventType "tourn"]
[EventRounds "9"]
[EventCountry "NED"]
[SourceTitle "CBM 185 Extra"]
[Source "ChessBase"]
[SourceDate "2018.07.29"]
[SourceVersion "1"]
[SourceVersionDate "2018.07.29"]
[SourceQuality "1"]

1. e4 d5 2. exd5 Nf6 3. d4 Bg4 4. Nf3 Qxd5 5. Be2 Nc6 6. c4 Qh5 7. Nc3 0-0-0 8. Be3 e5 9. d5 e4 10. Qa4 exf3 11. gxf3 Bxf3 12. dxc6 Bxc6 13. Qxa7 Qh4 14. Rg1 Qxh2 15. Qa8+ Kd7 16. 0-0-0+ Bd6 17. Qa5 Ke7 18. Rxg7 b6 19. Qf5 Qe5 20. Qh3 Bb4 21. Nb5 Rxd1+ 22. Bxd1 Bxb5 23. cxb5 Rd8 24. Bb3 Rf8 25. Bg5 Qc5+ 26. Kb1 Qxf2 27. Qe6+ Kd8 28. Bxf6+ Be7 29. Bxe7+ Ke8 30. Qe5 Qf1+ 31. Kc2 Qf2+ 32. Kc3 Qf3+ 33. Kb4 f6 34. Bxf6# 1-0

[Event "Dieren op"]
[Site "Dieren"]
[Date "2018.07.26"]
[Round "3"]
[White "Hendriks, Willy"]
[Black "De Jong, Tom"]
[Result "1/2-1/2"]
[WhiteElo "2417"]
[BlackElo "2201"]
[PlyCount "58"]
[EventDate "2018.07.24"]
[EventType "tourn"]
[EventRounds "9"]
[EventCountry "NED"]
[SourceTitle "CBM 185 Extra"]
[Source "ChessBase"]
[SourceDate "2018.07.29"]
[SourceVersion "1"]
[SourceVersionDate "2018.07.29"]
[SourceQuality "1"]

1. c4 Nf6 2. Nc3 g6 3. g3 Bg7 4. Bg2 0-0 5. d3 d6 6. e3 e5 7. Nge2 Nc6 8. 0-0 Be6 9. Nd5 Qd7 10. Nec3 Nd8 11. e4 c6 12. Nxf6+ Bxf6 13. f4 Bg7 14. Be3 f5 15. Qd2 fxe4 16. Nxe4 Bf5 17. fxe5 Bxe5 18. Rf2 Bg7 19. Raf1 Nf7 20. d4 Rae8 21. Ng5 Rxe3 22. Nxf7 Rd3 23. Nh6+ Kh8 24. Qxd3 Bxd3 25. Rxf8+ Bxf8 26. Rxf8+ Kg7 27. Rf7+ Qxf7 28. Nxf7 Kxf7 29. c5 dxc5 1/2-1/2

[Event "Ghent Eastman op 40th"]
[Site "Ghent"]
[Date "2017.07.18"]
[Round "7"]
[White "De Jong, Tom"]
[Black "Hamblok, Roel"]
[Result "1-0"]
[WhiteElo "2258"]
[BlackElo "2305"]
[PlyCount "69"]
[EventDate "2017.07.15"]
[EventType "swiss"]
[EventRounds "9"]
[EventCountry "BEL"]
[SourceTitle "CBM 179 Extra"]
[Source "ChessBase"]
[SourceDate "2017.08.23"]
[SourceVersion "1"]
[SourceVersionDate "2017.08.23"]
[SourceQuality "1"]

1. e4 c5 2. c3 d6 3. d4 Nf6 4. Bd3 g6 5. Ne2 Bg7 6. 0-0 0-0 7. b4 cxb4 8. cxb4 Nc6 9. a3 Qb6 10. Bb2 Ng4 11. h3 Nh6 12. Nd2 Nxd4 13. Bxd4 Bxd4 14. Nc4 Bxf2+ 15. Rxf2 Qd8 16. Qd2 Kg7 17. Nf4 f6 18. Ne3 Nf7 19. Bc4 Ng5 20. Qd3 a5 21. b5 Bd7 22. h4 Nf7 23. Ne6+ Bxe6 24. Bxe6 Ne5 25. Qd4 Nd7 26. Bxd7 Qxd7 27. Nd5 Qg4 28. h5 Rae8 29. Nc7 Rc8 30. b6 Kh8 31. hxg6 hxg6 32. Qd5 Rb8 33. Rf3 Rg8 34. Rh3+ Kg7 35. Ne6+ 1-0

[Event "Ghent op 23rd"]
[Site "Ghent"]
[Date "2000.07.??"]
[Round "?"]
[White "De Niet, Gert Michiel"]
[Black "De Jong, Tom"]
[Result "1/2-1/2"]
[WhiteElo "2144"]
[BlackElo "2299"]
[PlyCount "47"]
[EventDate "2000.07.15"]
[EventType "swiss"]
[EventRounds "9"]
[EventCountry "BEL"]
[SourceTitle "EXT 2001"]
[Source "ChessBase"]
[SourceDate "2000.11.22"]
[SourceVersion "1"]
[SourceVersionDate "2000.11.22"]
[SourceQuality "1"]

1. d4 Nf6 2. c4 g6 3. Nc3 Bg7 4. e4 0-0 5. Be3 d6 6. f3 Nbd7 7. Qd2 c5 8. Nge2 a6 9. 0-0-0 Qa5 10. Kb1 b5 11. dxc5 dxc5 12. Nc1 e6 13. cxb5 Bb7 14. Nb3 Qb4 15. Qd6 axb5 16. Bxc5 Nxc5 17. Qxc5 Qxc5 18. Nxc5 b4 19. N3a4 Bc6 20. b3 Ra5 21. Be2 Rfa8 22. Rd2 Ne8 23. Rhd1 Bf8 24. Nd7 1/2-1/2

[Event "Utrecht Keres Memorial op"]
[Site "Utrecht"]
[Date "1999.??.??"]
[Round "5"]
[White "Dgebuadze, Alexandre"]
[Black "De Jong, Tom"]
[Result "1-0"]
[WhiteElo "2541"]
[BlackElo "2300"]
[PlyCount "67"]
[EventDate "1999.??.??"]
[EventType "swiss"]
[EventRounds "6"]
[EventCountry "NED"]
[SourceTitle "EXT 2000"]
[Source "ChessBase"]
[SourceDate "1999.11.16"]
[SourceVersion "1"]
[SourceVersionDate "1999.11.16"]
[SourceQuality "1"]

1. e4 c6 2. d4 d5 3. Nc3 dxe4 4. Nxe4 Bf5 5. Ng3 Bg6 6. h4 h6 7. Bc4 e6 8. N1e2 Bd6 9. Nf4 Bxf4 10. Bxf4 Nd7 11. h5 Bh7 12. Bd3 Bxd3 13. Qxd3 Qa5+ 14. Bd2 Qc7 15. Qa3 Ngf6 16. 0-0-0 b5 17. Rhe1 Nb6 18. Qf3 0-0-0 19. Bf4 Qd7 20. Be5 Nbd5 21. Kb1 Kb7 22. Ne2 Rhg8 23. Nc1 Qe7 24. Nb3 Nd7 25. Bg3 Qf6 26. Na5+ Kb6 27. Qa3 Nb8 28. Qc5+ Kxa5 29. Rd3 Ka6 30. Ra3+ Kb7 31. Qxa7+ Kc8 32. Qxb8+ Kd7 33. Qd6+ Ke8 34. Qxc6+ 1-0

[Event "Hoogovens op-C"]
[Site "Wijk aan Zee"]
[Date "1999.??.??"]
[Round "9"]
[White "Jonkman, Harmen"]
[Black "De Jong, Tom"]
[Result "1-0"]
[WhiteElo "2310"]
[BlackElo "2300"]
[PlyCount "103"]
[EventDate "1999.01.??"]
[EventType "swiss"]
[EventRounds "9"]
[EventCountry "NED"]
[SourceTitle "EXT 2000"]
[Source "ChessBase"]
[SourceDate "1999.11.16"]
[SourceVersion "1"]
[SourceVersionDate "1999.11.16"]
[SourceQuality "1"]

1. e4 c6 2. d4 d5 3. exd5 cxd5 4. c4 Nf6 5. Nc3 Nc6 6. Bg5 Qa5 7. Bxf6 exf6 8. cxd5 Bb4 9. Qd2 Ne7 10. Bb5+ Kd8 11. Nge2 Nxd5 12. Bd3 Be6 13. 0-0 Rc8 14. Rfc1 Re8 15. a3 Bxc3 16. Nxc3 Nxc3 17. Rxc3 Rxc3 18. Qxc3 Qxc3 19. bxc3 Ke7 20. Kf1 Rc8 21. Rc1 Bc4 22. Ke2 b5 23. Rb1 a6 24. a4 Kd6 25. Kd2 Bxd3 26. Kxd3 Kc6 27. Rb4 Re8 28. c4 bxc4+ 29. Rxc4+ Kd7 30. Rb4 Kc7 31. Rb1 Kc6 32. a5 Kc7 33. g3 h5 34. h4 Re7 35. Rc1+ Kd7 36. Rc5 g6 37. Rc1 Re8 38. Rb1 Kc7 39. Rc1+ Kd7 40. Rb1 Kc7 41. f4 f5 42. Kc4 Re3 43. Rb3 Re6 44. d5 Re1 45. Rb6 Re3 46. Rxa6 Rxg3 47. Rc6+ Kd7 48. a6 Rf3 49. Kb5 Rb3+ 50. Kc5 Rb1 51. a7 Ra1 52. Kb6 1-0

[Event "NED-chT 9596"]
[Site "Netherlands"]
[Date "1995.??.??"]
[Round "?"]
[White "De Jong, Tom"]
[Black "De Boer, Sybolt"]
[Result "0-1"]
[WhiteElo "2300"]
[BlackElo "2175"]
[PlyCount "94"]
[EventDate "1995.??.??"]
[EventType "team"]
[EventRounds "9"]
[EventCountry "NED"]
[SourceTitle "EXT 1999"]
[Source "ChessBase"]
[SourceDate "1998.11.16"]
[SourceVersion "1"]
[SourceVersionDate "1998.11.16"]
[SourceQuality "1"]

1. e4 c5 2. Nf3 e6 3. d3 Nc6 4. g3 g6 5. Bg2 Bg7 6. 0-0 Nge7 7. Re1 d5 8. Nbd2 b6 9. c3 h6 10. exd5 exd5 11. d4 cxd4 12. Nxd4 Nxd4 13. cxd4 0-0 14. Nf3 Bf5 15. Ne5 Rc8 16. Bd2 Re8 17. Rc1 Be6 18. Qa4 Nf5 19. Rxc8 Qxc8 20. Bf1 a5 21. Rc1 Qa8 22. Bb5 Rc8 23. Bd7 Rxc1+ 24. Bxc1 Nxd4 25. Qxd4 Bxd7 26. Bxh6 Bh8 27. f4 Qb7 28. h4 Bf5 29. Qa4 Qc8 30. Kh2 Be4 31. b4 b5 32. Qd1 axb4 33. h5 Qc3 34. hxg6 fxg6 35. Qe2 Qc2 36. Qxc2 Bxc2 37. Nc6 Bc3 38. Bg5 b3 39. axb3 Bxb3 40. Be7 Kf7 41. Bb4 Bxb4 42. Nxb4 Ke6 43. Kg2 Kd6 44. Kf3 Kc5 45. Nd3+ Kd4 46. Ne5 Bc2 47. Ke2 Kc3 0-1

[Event "NED-chT 9495"]
[Site "Netherlands"]
[Date "1994.??.??"]
[Round "7"]
[White "De Vries, Eelco"]
[Black "De Jong, Tom"]
[Result "1/2-1/2"]
[WhiteElo "2215"]
[BlackElo "2330"]
[PlyCount "31"]
[EventDate "1994.??.??"]
[EventType "team"]
[EventRounds "9"]
[EventCountry "NED"]
[SourceTitle "EXT 1998"]
[Source "ChessBase"]
[SourceDate "1997.11.17"]
[SourceVersion "1"]
[SourceVersionDate "1997.11.17"]
[SourceQuality "1"]

1. c4 Nf6 2. Nf3 g6 3. Nc3 Bg7 4. g3 0-0 5. Bg2 d6 6. 0-0 Nc6 7. d3 e5 8. Rb1 a5 9. a3 h6 10. Bd2 Be6 11. Qc1 Kh7 12. b4 axb4 13. axb4 Qd7 14. Re1 Bh3 15. Bh1 Ng4 16. Ne4 1/2-1/2